000 00733nam a2200217Ii 4500
003 JO-AjNU
008 230605s9999||||xx |||||||||||||| ||und||
017 _a1035
040 _aJO-AjNU
_bara
_erda
_cJO-AjNU
041 _aara
050 1 4 _aPS3511.86C3512 1984
100 3 _aفوكز ،وليم ، ترجمة جبرا ابراهيم جبرا ,
_eauthor
_916720
245 0 0 _aالصخب والعنف
250 _aط4
264 3 1 _aبغداد :المكتبة العالمية ،1984
300 _a105ص
336 _atext
_btxt
_2rdacontent
337 _aunmediated
_bn
_2rdamedia
338 _avolume
_bnc
_2rdacarrier
650 4 _aالقصص الإنجليزية -- الولايات المتحدة الأمريكية 
_916721
999 _aA5018
_c8586
_d8586